[Event "50th World Juniors"]
[Site "Chennai IND"]
[Date "2011.08.11"]
[Round "9.43"]
[White "Yashas,D"]
[Black "Rojas Alarcon,J"]
[Result "0-1"]
[WhiteElo "2184"]
[BlackElo "2291"]

1.e4 c5 2.Nf3 d6 3.Bb5+ Nc6 4.O-O Bd7 5.Re1 Nf6 6.c3 a6 7.Bf1 Bg4 8.h3 Bxf3
9.Qxf3 g6 10.d3 Bg7 11.Nd2 b5 12.Nb3 Nd7 13.Be3 Rc8 14.Rac1 c4 15.dxc4 Nce5
16.Qd1 Nxc4 17.Bxc4 bxc4 18.Nd2 Qa5 19.Bd4 O-O 20.b3 cxb3 21.axb3 Bxd4 22.cxd4 Rxc1
23.Qxc1 Qb4 24.Nf3 Qxb3 25.Qc7 Qb5 26.e5 dxe5 27.Nxe5 Nxe5 28.dxe5 e6 29.Rd1 Kg7
30.Ra1 Ra8 31.Ra3 a5 32.Rf3 Qe8 33.Qb7 a4 34.Rxf7+ Qxf7 35.Qxa8 Qd7 36.Qa6 h5
37.Kh2 g5 38.Kg1 Kg6 39.g4 hxg4 40.hxg4 Qd1+ 41.Kg2 Qxg4+ 42.Kf1 Qd1+ 43.Kg2 Kf5
44.Qa7 Qd5+ 45.Kg1 Qc4 46.Qf7+ Ke4 47.Qb7+ Kd4 48.Qb2+ Kc5 49.Qa3+ Kd5 50.Qf3+ Kxe5
51.Qe3+ Kf5 52.Qf3+ Kg6 53.Qf8 g4 54.Qe8+ Kg5 55.Qe7+ Kf5 56.Qf7+ Ke4 57.Qb7+ Qd5
58.Qb4+ Qd4 59.Qb7+ Kd3 60.Qb1+ Kd2 61.Qa2+ Kc1 62.Qa3+ Kb1 63.Kh2 Qxf2+  0-1

[Event "50th World Juniors"]
[Site "Chennai IND"]
[Date "2011.08.11"]
[Round "9.3"]
[White "Rombaldoni,Ax"]
[Black "Swiercz,D"]
[Result "0-1"]
[WhiteElo "2459"]
[BlackElo "2553"]

1.e4 c5 2.Nf3 d6 3.Bb5+ Nd7 4.d4 cxd4 5.Qxd4 a6 6.Bxd7+ Bxd7 7.Nc3 e5 8.Qd3 h6
9.a4 Nf6 10.O-O Rc8 11.Nd2 Be6 12.Nd5 Bxd5 13.exd5 Qc7 14.c4 Be7 15.b3 O-O
16.Bb2 b5 17.cxb5 axb5 18.axb5 Qb7 19.Nc4 Qxb5 20.Ra5 Qb7 21.Ba3 Rfd8 22.Rd1 Ra8
23.b4 Rdb8 24.h3 Bf8 25.Rxa8 Qxa8 26.Na5 Rb6 27.Qc4 Qe8 28.Qd3 Qa4 29.Nc4 Ra6
30.f3 h5 31.Na5 Rb6 32.Nc4 Rb5 33.Ne3 g6 34.Rc1 Bh6 35.Rc8+ Kg7 36.Bc1 Bf4
37.Ra8 Qxb4 38.Bd2 Qb1+ 39.Qxb1 Rxb1+ 40.Kf2 Rb2  0-1

[Event "4th Sabadell Open A"]
[Site "Sabadell ESP"]
[Date "2011.08.11"]
[Round "2"]
[White "Munoz Pantoja,M"]
[Black "Randazzo,A"]
[Result "1/2-1/2"]
[WhiteElo "2482"]
[BlackElo "2226"]

1.e4 c5 2.Nf3 d6 3.Bb5+ Bd7 4.Bxd7+ Qxd7 5.O-O Nc6 6.c4 Nf6 7.Nc3 g6 8.d4 cxd4
9.Nxd4 Bg7 10.Nde2 O-O 11.f3 a6 12.Be3 Ne5 13.b3 b5 14.Nd5 Nxd5 15.cxd5 Qb7
16.Nd4 Rac8 17.Qd2 Rfe8 18.a4 Nd7 19.axb5 Bxd4 20.Bxd4 Qxb5 21.Ra3 f6 22.h3 Rc7
23.Qa5 Qxa5 24.Rxa5 Nb8 25.f4 Rec8 26.e5 dxe5 27.fxe5 fxe5 28.Bxe5 Rc1 29.Rxc1 Rxc1+
30.Kf2 Nd7 31.Bd4 Rb1 32.Ra3 Kf7 33.Ke2 Nf6 34.Bxf6 Kxf6 35.Rxa6+ Ke5 36.Re6+ Kxd5
37.Rxe7 Rxb3 38.Rxh7 Ke5 39.Rf7 Ra3 40.h4 Ra4 41.g3 Ra3 42.Kf2 Ke6 43.Rf8 Ke7
44.Rf3 Ra4 45.Kg2 Ke6 46.Kh3 Rb4 47.g4 Ke5 48.h5 gxh5 49.gxh5 Rb1 50.Kh4 Rh1+
51.Kg5 Rg1+ 52.Kh6 Ke6 53.Kh7 Ke7 54.h6 Rg2 55.Rf5 Rg1 56.Ra5 Kf7 57.Ra7+ Kf8
58.Rg7 Rf1 59.Kg6 Rg1+ 60.Kh7 Rf1 61.Rg8+ Kf7 62.Rg4 Rf2 63.Rg7+ Kf8 64.Kh8 Rf1
65.h7 Rf2 66.Rg2 Rxg2  1/2-1/2

[Event "29th World Junior Girls"]
[Site "Chennai IND"]
[Date "2011.08.12"]
[Round "10.9"]
[White "Saranya,J"]
[Black "Tsatsalashvili,K"]
[Result "0-1"]
[WhiteElo "2121"]
[BlackElo "2318"]

1.e4 c5 2.Nf3 d6 3.Bb5+ Nd7 4.c3 Nf6 5.d3 a6 6.Ba4 b5 7.Bc2 Bb7 8.O-O Rc8
9.Re1 Qc7 10.a4 b4 11.a5 bxc3 12.Nxc3 e5 13.Nh4 g6 14.Bg5 Bg7 15.Qc1 O-O
16.Bh6 Qd8 17.Bxg7 Kxg7 18.Qg5 Kh8 19.Bd1 Rb8 20.Re3 Ng8 21.Qg3 Bc6 22.b3 Qf6
23.Qh3 Qg5 24.Nf3 Qh6 25.Qxh6 Nxh6 26.Nd2 Rfd8 27.Nc4 Nf8 28.Nb6 f5 29.Rc1 f4
30.Re2 Nd7 31.Nc4 Nf7 32.Rb2 h5 33.Rcb1 Rb7 34.g3 Rdb8 35.Kg2 Kg7 36.Ne2 fxg3
37.Nxg3 Bb5 38.Rd2 Bxc4 39.dxc4 Nf8 40.Nf1 Ne6 41.Ne3 Nd4 42.Rd3 Ng5 43.f3 Nge6
44.Rc3 Nc6 45.Ra1 Rf8 46.Kg3 Rbf7 47.Nd5 Nf4 48.Ne3 Nd4 49.Ra2 Kf6 50.Nf1 Kg5
51.Re3 Kh6 52.Rc3 Nfe6 53.Nd2 Nc6 54.Nf1 Ned4 55.h3 Rf4 56.Re3 Rb8 57.Rc3 Rf7
58.Ra1 Rfb7 59.Ra3 Ne6 60.Ra2 Ncd4 61.Rb2 Rb4 62.Kf2 R4b7 63.Kg3 Nd8 64.Nd2 Rd7
65.Nf1 N4c6 66.Ra2 Nb7 67.Rc1 Nbxa5 68.Nd2 Rb6 69.Rca1 Nb7 70.Rxa6 Rxa6 71.Rxa6 Nbd8
72.Nf1 Ra7 73.Rxa7 Nxa7 74.Ne3 Nac6 75.Nd5 Ne6 76.Nf6 Na5 77.Ne8 Nb7 78.Nf6 Kg7
79.Nd5 Na5 80.Nb6 Kf7 81.Nc8 Nb7 82.Nb6 Ke8 83.Nc8 Kd8 84.Nb6 Na5 85.Kh4 Nc6
86.Nd5 Ke8 87.Nb6 Nf4 88.Kg3 Kf7 89.Na4 Nd4 90.Nc3 Ke6 91.h4 Kf6 92.Kf2 Ke6
93.Kg3 Nd3 94.Be2 Nc1 95.Bf1 Ncxb3 96.Bh3+ Kf7 97.f4 Nd2 98.fxe5 dxe5 99.Bd7 Nxc4
100.Na4 Nb3 101.Bc6 Ke7 102.Bd5 Nca5 103.Nb6 Nd4 104.Kf2 Ne6 105.Ke3 Nf4
106.Kf3 Kd6 107.Bf7 Nc6 108.Nc4+ Ke7 109.Bd5 Nd4+ 110.Kg3 Nd3 111.Bb7 Nb5
112.Bd5 Nd6 113.Nd2 Nb2 114.Kf2 c4 115.Nb1 Nb5 116.Ke3 c3 117.Bb3 Nd4 118.Nxc3 Nxb3
119.Nd5+ Kf7 120.Nc3 Nd4 121.Nd5 Nc4+ 122.Kf2 Nd2 123.Nc3 Nc4 124.Nd5 Nd6
125.Nc3 Nc8 126.Kg3 Ne6 127.Nb5 Kf6 128.Nc3 Nd6 129.Nd5+ Kf7 130.Kf3 Nc5
131.Nb4 Ndxe4 132.Nc6 Kf6  0-1

[Event "22nd ch-NATO"]
[Site "Kaunas LTU"]
[Date "2011.08.12"]
[Round "7.5"]
[White "Drabke,L"]
[Black "Nielsen,JanM"]
[Result "1-0"]
[WhiteElo "2472"]
[BlackElo "2116"]

1.e4 c5 2.Nf3 d6 3.Bb5+ Bd7 4.Bxd7+ Qxd7 5.O-O Nc6 6.c3 g6 7.d4 cxd4 8.cxd4 Bg7
9.Nc3 Nh6 10.h3 O-O 11.Be3 f6 12.Rc1 Rac8 13.d5 Ne5 14.Nxe5 fxe5 15.Bxa7 g5
16.f3 Nf7 17.a4 h5 18.Be3 Bf6 19.Qd3 Kg7 20.Qb5 Qc7 21.Ne2 Qb8 22.Ng3 Kg6
23.Qd7 Nh8 24.Qf5+ Kh6 25.h4 Bg7 26.hxg5+  1-0

[Event "Botvinnik 100th Open"]
[Site "St Petersburg RUS"]
[Date "2011.08.12"]
[Round "1"]
[White "Irinchinov,V"]
[Black "Artemiev,V"]
[Result "0-1"]
[WhiteElo "2067"]
[BlackElo "2401"]

1.e4 c5 2.Nf3 d6 3.Bb5+ Bd7 4.Bxd7+ Qxd7 5.O-O Nf6 6.Re1 Nc6 7.c3 e6 8.d4 cxd4
9.cxd4 d5 10.e5 Ne4 11.Nbd2 Nxd2 12.Bxd2 Be7 13.Re3 O-O 14.Qe2 Rac8 15.h3 Rc7
16.Bc3 Rfc8 17.Rf1 b5 18.Qxb5 Nxe5 19.Qxd7 Nxd7 20.Ba5 Rc4 21.b3 Rc2 22.Ra1 Nf6
23.Ne1 R2c6 24.Nd3 Ne4 25.f3 Ng3 26.Nb4 Rc1+ 27.Re1 Rxa1 28.Rxa1 Ne2+ 29.Kf1 Nxd4
30.Nd3 Nc2 31.Rb1 Kf8 32.Kf2 Ba3 33.b4 Nd4 34.Nc5 Nc6 35.Rb3 Bc1 36.Rc3 Bb2
37.Rc2 Bd4+ 38.Kf1 Ne7 39.Nd7+ Ke8 40.Rxc8+ Nxc8 41.Nb8 Be5 42.Nc6 Bd6 43.Ke2 Kd7
44.b5 f6 45.a4 e5 46.Kd3 Nb6 47.Nxa7 Nxa4 48.Nc6 Nc5+ 49.Kc2 Ne6 50.h4 h5
51.Kd1 Nc7 52.Bxc7 Kxc7 53.Na7 Bc5 54.Nc6 Kd6 55.Ke2 f5 56.Nd8 Bb6 57.Nf7+ Ke6
58.Ng5+ Kf6 59.Nh7+ Ke7 60.Ng5 e4 61.Nh3 Bc7 62.Ke3 Ke6 63.Ng5+ Ke5 64.f4+ Kd6
65.Kd4 Bb6+ 66.Kc3 d4+ 67.Kc4 d3  0-1

[Event "Botvinnik 100th Open"]
[Site "St Petersburg RUS"]
[Date "2011.08.12"]
[Round "1"]
[White "Novikov,Mikhael"]
[Black "Nadjezhdin,D"]
[Result "0-1"]
[WhiteElo "1926"]
[BlackElo "2329"]

1.e4 c5 2.Nf3 d6 3.Bb5+ Bd7 4.Bxd7+ Qxd7 5.O-O Nc6 6.c3 Nf6 7.Re1 e6 8.d4 cxd4
9.cxd4 d5 10.e5 Ne4 11.Nc3 Nxc3 12.bxc3 Be7 13.Qd3 Na5 14.Nd2 Rc8 15.Nb3 Qa4
16.Nxa5 Qxa5 17.Bd2 O-O 18.Re3 Qa6 19.Qxa6 bxa6 20.Ree1 Rb8 21.Reb1 Rb6 22.Rb3 Rfb8
23.Rab1 a5 24.Rxb6 axb6 25.Kf1 Kf8 26.Ke2 Ke8 27.Kd3 Kd7 28.c4 dxc4+ 29.Kxc4 Rc8+
30.Kd3 Rc6 31.a4 Kc7 32.f4 f6 33.g4 fxe5 34.fxe5 Kd7 35.g5 Bd8 36.h4 g6 37.h5 gxh5
38.Rh1 Ke8 39.Rxh5 Rc7 40.Rh6 Re7 41.g6 hxg6 42.Bg5 Kf7 43.Rh8 Re8 44.Rxe8 Kxe8
45.Bf4 Kd7 46.Kc3 Kc6 47.Kc4 Bh4 48.Be3 g5 49.Bg1 g4 50.Be3 Be1 51.Bg1 g3  0-1

[Event "Cafe Atlantis Masters"]
[Site "Groningen NED"]
[Date "2011.08.13"]
[Round "6.5"]
[White "Geurink,J"]
[Black "Van Assendelft,F"]
[Result "1/2-1/2"]
[WhiteElo "2293"]
[BlackElo "2393"]

1.e4 c5 2.Nf3 d6 3.Bb5+ Bd7 4.Bxd7+ Qxd7 5.O-O Nc6 6.Qe2 g6 7.c3 Bg7 8.Rd1 Nf6
9.d4 cxd4 10.cxd4 d5 11.e5 Ne4 12.Ne1 f6 13.f3 Ng5 14.Bxg5 fxg5 15.Nc3 O-O
16.Qe3 g4 17.f4 e6 18.Nd3 Ne7 19.Qe2 Nf5 20.Nc5 Qe7 21.Qb5 b6 22.Nb3 g3 23.h3 g5
24.Rf1 Ne3 25.f5 Nxf5 26.Nxd5 Qb7 27.Nf6+ Bxf6 28.exf6 Rxf6 29.Qe5 Raf8 30.Nd2 Qd5
31.Ne4 Rg6 32.Rac1 Qxe5 33.dxe5 Rg7 34.Rf3 Nd4 35.Rxf8+ Kxf8 36.Nxg3 Rf7
37.Rc4 Rf4 38.Rc7 Rf7 39.Rc4 Rf4  1/2-1/2

[Event "10th Lichtenberger Sommer"]
[Site "Berlin GER"]
[Date "2011.08.14"]
[Round "2.71"]
[White "Rausch,E"]
[Black "Schwedek,Tony"]
[Result "1-0"]
[WhiteElo "1821"]
[BlackElo "1848"]

1.e4 c5 2.Nf3 d6 3.Bb5+ Bd7 4.Bxd7+ Qxd7 5.c4 Qg4 6.O-O Qxe4 7.d3 Qc6 8.Nc3 Nf6
9.Bg5 Nbd7 10.Re1 e6 11.Qe2 Be7 12.d4 d5 13.cxd5 Nxd5 14.Nxd5 Qxd5 15.Bxe7 Kxe7
16.dxc5 Qxc5 17.Rac1 Qb6 18.Rc3 Rhc8 19.Rec1 Qd8 20.Qc2 Rxc3 21.Qxc3 Nf6
22.Qb4+ Ke8 23.Qxb7 Qd5 24.Qc7 Rd8 25.h3 Rd7 26.Qb8+ Ke7 27.Ne5 Qd2 28.Nc6+  1-0

[Event "29th World Junior Girls"]
[Site "Chennai IND"]
[Date "2011.08.14"]
[Round "12.20"]
[White "Akshaya,A"]
[Black "Deur,Z"]
[Result "1-0"]
[WhiteElo "1966"]
[BlackElo "2116"]

1.e4 c5 2.Nf3 d6 3.Bb5+ Bd7 4.Bxd7+ Qxd7 5.O-O Nc6 6.c3 Nf6 7.Re1 e6 8.d3 Be7
9.Nbd2 O-O 10.Nf1 Rfd8 11.Ng3 b5 12.Bf4 Qb7 13.Qe2 d5 14.e5 Nd7 15.d4 cxd4
16.Nxd4 Nxd4 17.cxd4 Rdc8 18.Qg4 Rc2 19.Bh6 g6 20.f4 Bb4 21.f5 Qb6 22.fxg6 fxg6
23.Rf1 Bf8 24.Bxf8 Rxf8 25.Rxf8+ Nxf8 26.Rf1 Rd2 27.Rxf8+  1-0

[Event "20th ZMDI Open A"]
[Site "Dresden GER"]
[Date "2011.08.14"]
[Round "9.25"]
[White "Zenker,U"]
[Black "Arjun,B"]
[Result "0-1"]
[WhiteElo "2233"]
[BlackElo "1960"]

1.e4 c5 2.Nf3 d6 3.Bb5+ Bd7 4.Bxd7+ Qxd7 5.c4 Nf6 6.Nc3 Nc6 7.d4 cxd4 8.Nxd4 g6
9.f3 Bg7 10.Be3 O-O 11.Nde2 Rac8 12.Rc1 a6 13.Na4 Qd8 14.Nb6 Rc7 15.Nc3 Ne5
16.b3 Rc6 17.Nbd5 Nxd5 18.exd5 Rc8 19.f4 Nd7 20.O-O b5 21.Bd4 bxc4 22.Bxg7 Kxg7
23.Qd4+ Kg8 24.bxc4 Qb6 25.Ne2 Rc5 26.Rf3 Rfc8 27.Rfc3 Qc7 28.Ra3 a5 29.Qd2 Nf6
30.Rb1 Ne4 31.Qe1 Rxc4 32.Qxa5 Rc1+ 33.Nxc1 Qxc1+ 34.Qe1 Qxa3 35.Qxe4 Qa7+
36.Kh1 Qxa2 37.Re1 Rc2 38.h3 Rd2 39.f5 Qxd5 40.fxg6 Qxe4 41.Rxe4 e5 42.gxh7+ Kxh7
43.Rg4 d5 44.Kg1 e4 45.Kf1 e3 46.Ke1 d4 47.h4 f5 48.Rf4 d3 49.Rf3 f4  0-1

[Event "Botvinnik 100th Open"]
[Site "St Petersburg RUS"]
[Date "2011.08.14"]
[Round "3"]
[White "Irinchinov,V"]
[Black "Kuznetsov,N"]
[Result "1-0"]
[WhiteElo "2067"]
[BlackElo "2299"]

1.e4 c5 2.Nf3 d6 3.Bb5+ Nc6 4.O-O Bd7 5.Re1 Nf6 6.c3 a6 7.Bf1 Bg4 8.d3 h6
9.Nbd2 e5 10.a4 Be7 11.Qb3 Be6 12.Qc2 O-O 13.g3 Qc7 14.Bg2 b5 15.axb5 axb5
16.Rxa8 Rxa8 17.Nf1 b4 18.d4 bxc3 19.d5 Nb4 20.Qxc3 Bd7 21.N3d2 Na2 22.Qc2 Bb5
23.Nc4 Nb4 24.Qc3 Nd7 25.Be3 Bxc4 26.Qxc4 Nb6 27.Qb3 Qa7 28.Nd2 Qa2 29.Rb1 Qxb3
30.Nxb3 Nc4 31.Bd2 Ra2 32.Bc3 Nd3 33.Bf1 Ncxb2 34.Nc1 Nxc1 35.Bxb2 Nb3 36.Bc4 Rxb2
37.Rxb2 Nd4 38.Rb8+ Bf8 39.Kg2 g5 40.Rb7 Kg7 41.f3 h5 42.h3 Kf6 43.g4 h4
44.Kf2 Kg7 45.Be2 Kf6 46.Bd1 Be7 47.Ba4 Bd8 48.Rd7 Be7 49.Ra7 Bd8 50.Rd7 Be7
51.Bd1 Nb5 52.Ke3 Bf8 53.Kd3 Be7 54.Rb7 Nd4 55.Rd7 Nb5 56.Kc2 Na3+ 57.Kb3 Nb5
58.Rb7 Nd4+ 59.Ka4 Bf8 60.Ka5 Be7 61.Ka6 Bd8 62.Rd7 Be7 63.Kb6 Bf8 64.Rb7 Be7
65.Kc7 c4 66.Kd7 c3 67.Ke8 Bd8 68.Kxd8 c2 69.Bxc2 Nxc2 70.Ke8 Ne3 71.Rxf7+ Kg6
72.Ke7 Ng2 73.Rf6+ Kg7 74.Rf5  1-0

[Event "Stare Mesto FIDE Open"]
[Site "Stare Mesto CZE"]
[Date "2011.08.14"]
[Round "4.4"]
[White "Chudinovskikh,A"]
[Black "Cerveny,M"]
[Result "0-1"]
[WhiteElo "2302"]
[BlackElo "2347"]

1.e4 c5 2.Nf3 d6 3.Bb5+ Nd7 4.c3 Nf6 5.Qe2 g6 6.d4 a6 7.Bc4 cxd4 8.cxd4 d5
9.exd5 Nb6 10.Nc3 Nxc4 11.Qxc4 b5 12.Qb3 Bg7 13.Bg5 O-O 14.O-O Bb7 15.Bxf6 Bxf6
16.a4 Qb6 17.Rfd1 Rfd8 18.Ne5 b4 19.Nc4 Qa7 20.Qxb4 Bxd5 21.Nb6 Rab8 22.Ncxd5 Rxd5
23.a5 Rb5 24.Qc3 Rd8 25.Rd2 Qb8 26.b4 Qd6 27.Rb1 Bxd4 28.Qc4 e5 29.g3 Qe7
30.Rb3 Bxb6  0-1

[Event "Botvinnik 100th Open"]
[Site "St Petersburg RUS"]
[Date "2011.08.15"]
[Round "4"]
[White "Mokshanov,A"]
[Black "Tantsiura,M"]
[Result "1-0"]
[WhiteElo "2372"]
[BlackElo "2138"]

1.e4 c5 2.Nf3 d6 3.Bb5+ Bd7 4.Bxd7+ Qxd7 5.O-O Nc6 6.c3 g6 7.d4 cxd4 8.cxd4 Bg7
9.Nc3 Nf6 10.Qe2 O-O 11.Rd1 e6 12.Bg5 h6 13.Bh4 Rfe8 14.Qd2 g5 15.Bg3 d5
16.e5 Ne4 17.Qe3 Nxc3 18.Qxc3 Rac8 19.Qd2 g4 20.Ne1 Qe7 21.f3 f5 22.Bf4 Qh4
23.Rac1 Bf8 24.a3 b6 25.fxg4 fxg4 26.Rc3 Na5 27.Rg3 Re7 28.b3 Kh8 29.a4 Rec7
30.h3 Rg7 31.Kh2 Rg6 32.Rc1 Re8 33.Rc7 a6 34.Qd3 Rg7 35.Rxg7 Bxg7 36.Qg6 Rf8
37.Rxg4 Qe7 38.Bxh6 Rf7 39.Bg5 Qd7 40.Bf6 Nxb3 41.Rh4+ Kg8 42.Qh7+  1-0

[Event "Botvinnik 100th Open"]
[Site "St Petersburg RUS"]
[Date "2011.08.15"]
[Round "4"]
[White "Ivkina,O"]
[Black "Yaksin,O"]
[Result "0-1"]
[WhiteElo "2294"]
[BlackElo "2414"]

1.e4 c5 2.Nf3 d6 3.Bb5+ Nc6 4.O-O Bd7 5.c3 a6 6.Ba4 b5 7.Bc2 Bg4 8.d4 g6
9.Be3 cxd4 10.cxd4 Bg7 11.Bb3 Nf6 12.h3 Bxf3 13.Qxf3 Rc8 14.Nc3 O-O 15.Rfd1 Nd7
16.e5 Nb6 17.Bg5 dxe5 18.dxe5 Qc7 19.e6 fxe6 20.Qe4 Kh8 21.Qxe6 Nd4 22.Qxe7 Qxe7
23.Bxe7 Rfe8 24.Re1 Nc4 25.Nd5 Nxb2 26.Re4 Nf5 27.Rf1 Nd3 28.Rd1 Nc5 29.Ree1 Nxe7
30.Nxe7 Rcd8 31.Rxd8 Rxd8 32.Nc6 Rc8 33.Bd5 Nd3 34.Re7 Bf8 35.Rf7 Bc5 36.Kf1 Re8
37.g3 Re1+ 38.Kg2 Re2 39.Kf3 Rxf2+ 40.Ke4 Rxf7 41.Bxf7 Nc1 42.g4 Kg7 43.Be6 Kf6
44.Bg8 Kg5 45.Ne5 Ba7 46.Nf3+ Kf6 47.g5+ Kg7 48.Be6 a5 49.Ne5 a4 50.Nd3 Ne2
51.Nf4 Nc3+ 52.Kd3 b4 53.Bc4 Nxa2 54.Ne6+ Kf7 55.Nc5+ Ke7 56.Nxa4 b3 57.Bg8 Kf8
58.Be6 Bb8 59.Ke4 Nc1 60.Nb2 Bd6 61.Ke3 Be7 62.h4 Bb4 63.Na4 Bd6 64.Kf3 Be5  0-1

[Event "12th Miquel Mas Open"]
[Site "Figueres ESP"]
[Date "2011.08.16"]
[Round "7.37"]
[White "Febrero Perez,L"]
[Black "Saez Coma,Alejandro"]
[Result "*"]
[WhiteElo "1658"]
[BlackElo "1576"]

1.e4 c5 2.Nf3 d6 3.Bb5+ Bd7 4.Qe2 a6 5.Bxd7+ Nxd7 6.Na3 Ngf6 7.d3 e6 8.Nc4 b5
9.Ne3 Be7 10.b3 O-O 11.Bb2 Qa5+ 12.Qd2 Qxd2+ 13.Nxd2 Nb6 14.f4 d5 15.e5 Nfd7
16.Nf3 Rac8 17.Ba3 f6 18.d4 b4 19.Bb2 c4 20.c3 cxb3 21.cxb4 Bxb4+ 22.Ke2 bxa2
23.Rxa2 a5 24.Ba3 Nc4 25.Bxb4 axb4 26.Rb1 Nxe3 27.Kxe3 Rc3+ 28.Kd2 b3 29.Ra7 Rc2+
30.Kd3 Rfc8 31.Rxb3 Nf8 32.Ne1 R2c7 33.Rab7 Rxb7 34.Rxb7 Rd8 35.Rb6 Kf7 36.g4 fxe5
37.fxe5 Ra8 38.h4 Ra3+ 39.Ke2 Ra2+ 40.Ke3 Ra3+ 41.Kf2 Ra2+ 42.Kg3 Ra3+ 43.Nf3 h6
44.h5 Re3 45.Kf4 Re4+ 46.Kg3  *

[Event "4th Sabadell Open A"]
[Site "Sabadell ESP"]
[Date "2011.08.16"]
[Round "7"]
[White "Jimenez Fraga,P"]
[Black "Perez Mitjans,O"]
[Result "1-0"]
[WhiteElo "2464"]
[BlackElo "2452"]

1.e4 c5 2.Nf3 d6 3.Bb5+ Nd7 4.O-O a6 5.Bxd7+ Bxd7 6.d4 cxd4 7.Qxd4 e5 8.Qd3 h6
9.a4 Nf6 10.Nc3 Be7 11.Be3 O-O 12.a5 Be6 13.Rfd1 Rc8 14.Bb6 Qd7 15.Qe3 Qc6
16.Rd2 Nd7 17.Ba7 Kh8 18.Ne2 Kh7 19.b3 Ra8 20.h3 g6 21.c4 Rg8 22.Rad1 Qc7
23.Bb6 Qc8 24.Nc3 f5 25.Rxd6 Bxd6 26.Rxd6 f4 27.Qd3 Qe8 28.Nd5 Bxd5 29.Qxd5 Rg7
30.Re6 Qf8 31.Bc7 Qb4 32.Qd6 Qxd6 33.Bxd6 Rd8 34.b4 Rf7 35.c5 g5 36.Kf1 Rg8
37.Nxe5 Nxe5 38.Bxe5 f3 39.gxf3 Rxf3 40.Kg2 Rgf8 41.Bd4 R8f7 42.c6 bxc6 43.Rxc6 R3f4
44.Rxa6 Rxe4 45.Bc5 g4 46.hxg4 Rxg4+ 47.Kf1 h5 48.Rd6 Rf3 49.a6 Ra3 50.a7 h4
51.b5 Ra1+ 52.Ke2 h3 53.Rd7+ Kg6 54.Rd6+ Kh7 55.Be3 Ra2+ 56.Kd3 Rg6 57.Rd5 Ra3+
58.Kc2 Rg4 59.Rh5+ Kg6 60.Rxh3 Rc4+ 61.Kb2 Rca4 62.Kc2 Ra2+ 63.Kc3 R2a3+
64.Kd2 Rb3 65.Ke2 Ra2+ 66.Kf3 Raa3 67.Rh8  1-0

[Event "17th Vienna Open A"]
[Site "Vienna AUT"]
[Date "2011.08.16"]
[Round "4"]
[White "Jicman,L"]
[Black "Szalanczy,E"]
[Result "0-1"]
[WhiteElo "2188"]
[BlackElo "2325"]

1.e4 c5 2.Nf3 d6 3.Bb5+ Nd7 4.c3 a6 5.Ba4 Nf6 6.Qe2 b5 7.Bc2 Bb7 8.O-O Qc7
9.d3 g6 10.Rd1 Bg7 11.Nbd2 O-O 12.Nf1 e5 13.a4 d5 14.axb5 axb5 15.Rxa8 Rxa8
16.d4 exd4 17.e5 Ne4 18.cxd4 b4 19.Bxe4 dxe4 20.Ng5 cxd4 21.e6 Ne5 22.exf7+ Nxf7
23.Nxe4 b3 24.Qf3 Qc6 25.Re1 Ne5 26.Qxb3+ Qd5 27.Nc5 Qxb3 28.Nxb3 Bd5 29.Nc5 h5
30.Bf4 Nc4 31.b3 Nb2 32.Rb1 Rc8 33.Rxb2 Rxc5 34.b4 Rc8 35.b5 d3 36.Rd2 Rc3
37.Rb2 Rc4 38.b6 Bxb2  0-1

[Event "4th Sabadell Open A"]
[Site "Sabadell ESP"]
[Date "2011.08.17"]
[Round "8"]
[White "Munoz Pantoja,M"]
[Black "Alonso Moyano,J"]
[Result "1/2-1/2"]
[WhiteElo "2482"]
[BlackElo "2426"]

1.e4 c5 2.Nf3 d6 3.Bb5+ Nd7 4.c4 Nf6 5.Nc3 g6 6.O-O Bg7 7.d4 cxd4 8.Nxd4 O-O
9.Bxd7 Bxd7 10.b3 a6 11.a4 b5 12.axb5 axb5 13.Rxa8 Qxa8 14.Ndxb5 Bxb5 15.Nxb5 Nxe4
16.Re1 Be5 17.Be3 Nc3 18.Nxc3 Bxc3  1/2-1/2

[Event "Malaysian Open"]
[Site "Kuala Lumpur MAS"]
[Date "2011.08.18"]
[Round "1.7"]
[White "Ong,Way"]
[Black "Ju Wenjun"]
[Result "0-1"]
[WhiteElo "2041"]
[BlackElo "2515"]

1.e4 c5 2.Nf3 d6 3.Bb5+ Nc6 4.Bxc6+ bxc6 5.c4 e5 6.O-O g6 7.d3 Bg7 8.b4 cxb4
9.Qa4 Ne7 10.Qxb4 O-O 11.h3 f5 12.Nh2 Be6 13.Nc3 a5 14.Qa4 Rf7 15.Rb1 d5
16.Bb2 fxe4 17.dxe4 dxe4 18.Ne2 c5 19.Ba3 Nc8 20.Bxc5 Rc7 21.Qa3 Bxc4 22.Rfe1 Qd7
23.Rbc1 Qb5 24.Bd6 Rd7 25.Rb1 Qa6 26.Bb8 Bxe2 27.Rxe2 Qxe2 28.Qb3+ Rf7  0-1

[Event "Malaysian Open"]
[Site "Kuala Lumpur MAS"]
[Date "2011.08.18"]
[Round "2.6"]
[White "Muminova,N"]
[Black "Li Shilong"]
[Result "0-1"]
[WhiteElo "2319"]
[BlackElo "2520"]

1.e4 c5 2.Nf3 d6 3.Bb5+ Nc6 4.O-O Bd7 5.c3 a6 6.Ba4 Nf6 7.Re1 c4 8.Bc2 Ne5
9.h3 g5 10.Na3 b5 11.Nxe5 dxe5 12.b3 g4 13.hxg4 Bxg4 14.f3 Qb6+ 15.Kh2 Qf2
16.Rh1 Be6 17.Qe1 Qxe1 18.Rxe1 O-O-O 19.bxc4 bxc4 20.Bd1 Bh6 21.Be2 Bf4+
22.Kg1 Bxd2 23.Bxd2 Rxd2 24.Nxc4 Rxe2 25.Nb6+ Kb7 26.Rxe2 Kxb6 27.Rb1+ Kc6
28.Reb2 Nd7 29.Kf2 Nc5 30.Rd1 h5 31.Ke3 h4 32.Rh1 a5 33.Rhb1 Bc4 34.a3 h3
35.g3 Na4 36.Rh2 Rd8 37.Rd2 Rxd2 38.Kxd2 Be6 39.g4 Kc5 40.Kd3 Nb6 41.Rh1 Nc4
42.Rxh3 Nxa3 43.Rh5 Nc4 44.g5 Kd6 45.Rh6 Nb6 46.g6 fxg6 47.Rxg6 a4 48.Kc2 a3
49.Rh6 a2 50.Rh1 Kc5 51.Kb2 Na4+ 52.Kc2 Kc4 53.Rc1 Nxc3 54.Kb2 Kd4 55.Rh1 Na4+
56.Ka3 Nc5 57.Kb2 Ke3 58.Rh7 Nd3+ 59.Ka1 Nb4 60.Rh2 Kd3 61.Kb2 Nc2  0-1

[Event "1st Metropolitan International"]
[Site "Los Angeles USA"]
[Date "2011.08.18"]
[Round "3"]
[White "Duckworth,W"]
[Black "Gurevich,D"]
[Result "0-1"]
[WhiteElo "2352"]
[BlackElo "2479"]

1.e4 c5 2.Nf3 d6 3.Bb5+ Nd7 4.O-O Nf6 5.Re1 a6 6.Bf1 b6 7.d3 e6 8.Nbd2 Be7
9.g3 O-O 10.Bg2 Bb7 11.e5 dxe5 12.Nxe5 Bxg2 13.Kxg2 Nxe5 14.Rxe5 Qc7 15.Re1 Nd5
16.Qe2 Nb4 17.Nf3 Rad8 18.a3 Nc6 19.Bf4 Bd6 20.Bg5 Rde8 21.c3 f5 22.Rad1 e5
23.Bc1 Qb7 24.Kg1 b5 25.Qf1 Bb8 26.Qg2 c4 27.dxc4 e4 28.cxb5 axb5 29.Nd4 Ne5
30.Bf4 Nf3+ 31.Nxf3 exf3 32.Rxe8 Rxe8 33.Qf1 Bxf4 34.gxf4 Qc6 35.Kh1 Re2
36.Rd8+ Kf7 37.Qd1 Qe6  0-1

[Event "10th Lichtenberger Sommer"]
[Site "Berlin GER"]
[Date "2011.08.19"]
[Round "7.47"]
[White "Kuebart,Thore"]
[Black "Gress,A"]
[Result "0-1"]
[WhiteElo "1868"]
[BlackElo "2061"]

1.e4 c5 2.Nf3 d6 3.Bb5+ Nc6 4.Bxc6+ bxc6 5.O-O e5 6.d3 Nf6 7.c4 Be7 8.h3 O-O
9.Nc3 Ne8 10.b3 Nc7 11.Qe2 Ne6 12.Be3 h6 13.Nh2 Bg5 14.Nf3 Qf6 15.Bxg5 hxg5
16.Nh2 Nf4 17.Qf3 g6 18.Ne2 Be6 19.Nxf4 gxf4 20.Ng4 Qg5 21.Rab1 f5 22.exf5 gxf5
23.Nh2 d5 24.Qe2 e4 25.Kh1 Kf7 26.Rbe1 Rg8 27.Rg1 Rg6 28.f3 e3 29.Qb2 d4
30.Qa3 Qe7 31.Re2 a5 32.Qa4 Qb7 33.Qa3 Qb4 34.Qc1 a4 35.bxa4 Rxa4 36.Rb2 Qa3
37.Qb1 Rb4 38.Rb3 Rxb3 39.Qxb3 Qxb3 40.axb3 Rg8 41.Rb1 Ra8 42.Kg1 Ra2 43.Kf1 Rd2
44.Ke1 Rxg2 45.Nf1 Rf2  0-1

[Event "1st Metropolitan International"]
[Site "Los Angeles USA"]
[Date "2011.08.19"]
[Round "4"]
[White "Bojkov,D"]
[Black "Matikozian,A"]
[Result "1/2-1/2"]
[WhiteElo "2544"]
[BlackElo "2451"]

1.e4 c5 2.Nf3 d6 3.Bb5+ Bd7 4.Bxd7+ Qxd7 5.c4 Nf6 6.Nc3 Nc6 7.d4 cxd4 8.Nxd4 g6
9.f3 Bg7 10.Be3 O-O 11.O-O a6 12.a4 e6 13.Nde2 Qc7 14.Kh1 Nd7 15.Rb1 Rfe8
16.b3 Bf8 17.Qd2 Qa5 18.Rfd1 Rac8 19.Bh6 Be7 20.Ng3 Nde5 21.h3 Rcd8 22.f4 Nd7
23.b4 Nxb4 24.Qb2 Nc6 25.Nd5 Bf8 26.Bxf8 Rxf8 27.Qxb7 exd5 28.Qxc6 Qc3 29.Kh2 Qxc4
30.Qxd5 Qxa4 31.Qxd6 Nc5 32.Qxd8 Rxd8 33.Rxd8+ Kg7 34.Rdb8 a5 35.Re1 Qd4
36.f5 h5 37.e5 Qf4 38.f6+ Kh6 39.Rh8+ Kg5 40.Rf1 Qxe5 41.h4+ Kxh4 42.Rf3 Nd7
43.Kh1 Qe1+ 44.Nf1 Ne5 45.Rh3+ Kg5 46.Kg1 Kxf6 47.Re3 Qb4 48.Ra8 Qc5 49.Kh1 h4
50.Rh8 g5 51.Re8 Kf5 52.R3xe5+ Qxe5 53.Ne3+ Ke4 54.Rxe5+ Kxe5 55.Nc4+ Kf4
56.Nxa5 Kg3 57.Nc4 f5 58.Nd6 f4 59.Ne4+ Kg4 60.Kg1  1/2-1/2

[Event "Botvinnik 100th Open"]
[Site "St Petersburg RUS"]
[Date "2011.08.19"]
[Round "8"]
[White "Turikov,V"]
[Black "Pshenichny,V"]
[Result "1-0"]
[WhiteElo "2291"]
[BlackElo "2025"]

1.e4 c5 2.Nf3 d6 3.Bb5+ Bd7 4.Bxd7+ Nxd7 5.O-O g6 6.c3 Bg7 7.d4 Nh6 8.Bf4 e5
9.Bg5 f6 10.Bxh6 Bxh6 11.Na3 Qe7 12.Qb3 Nb6 13.dxc5 dxc5 14.Rad1 Kf8 15.Nc4 Nxc4
16.Qxc4 Kg7 17.Rd5 b6 18.Rfd1 Rhd8 19.g3 Kf8 20.a4 Bg7 21.a5 f5 22.exf5 gxf5
23.Qd3 Rxd5 24.Qxf5+ Qf7 25.Qxf7+ Kxf7 26.Rxd5 Ke6 27.c4 h6 28.b3 Rb8 29.a6 Bf6
30.Nd2 Be7 31.Ne4 b5 32.Nxc5+ Bxc5 33.Rxc5 bxc4 34.bxc4 Rb6 35.Ra5 Rc6 36.Ra4 Kd6
37.Kf1 Kc5 38.Ra5+ Kd4 39.Rd5+ Kxc4 40.Rxe5 Rxa6 41.h4 Kd4 42.Re7 h5 43.Kg2 Ra5
44.f3 Ra2+ 45.Kh3 Ra3 46.Rh7 a5 47.Rxh5 a4 48.Kg4 Ke3 49.Rc5 Ra1 50.h5  1-0

[Event "Stare Mesto FIDE Open"]
[Site "Stare Mesto CZE"]
[Date "2011.08.19"]
[Round "9"]
[White "Sieber,M"]
[Black "Kratochvil,Jo"]
[Result "1/2-1/2"]
[WhiteElo "2029"]
[BlackElo "2230"]

1.e4 c5 2.Nf3 d6 3.Bb5+ Nd7 4.d4 Nf6 5.Bxd7+ Nxd7 6.O-O e6 7.c4 Be7 8.d5 O-O
9.Nc3 e5 10.Qc2 Nf6 11.h3 Nh5 12.g4 Nf4 13.Bxf4 exf4 14.Ne2 g5 15.Nd2 h5
16.f3 Bf6 17.Nb1 Kg7 18.Kg2 Bd7 19.Nbc3 Rh8 20.Rh1 Rh6 21.Rag1 Be5 22.Nd1 Qf6
23.b3 hxg4 24.hxg4 Rxh1 25.Rxh1 Bxg4 26.fxg4 f3+ 27.Kf2 fxe2+ 28.Kxe2 Bd4
29.Qd3 Re8 30.Qf3 a6 31.Qxf6+ Kxf6 32.Kd3 b5 33.Ne3 Bxe3 34.Kxe3 bxc4 35.bxc4 Rb8
36.Rh6+ Ke7 37.e5 dxe5 38.Rxa6 Rb4 39.Ke4 Rxc4+ 40.Kxe5 Rxg4 41.Ra7+ Kf8
42.Rc7 Ra4 43.d6 Ke8 44.Rxc5  1/2-1/2